Easternmost 1M+ Cities on a Map - Statistics

General Stats
  • This quiz has been taken 79 times
  • The average score is 28 of 50
Answers on the Map
Answers color-coded by a green-red scale on the quiz's map according to % correct below.
 
Answer Stats
Population Country Longitude City % Correct
26,300,000 Philippines 120.9748 Manila
100%
17,700,000 Japan 135.5022 Osaka
100%
25,000,000 ROK 126.9784 Seoul
100%
40,500,000 Japan 139.6917 Tokyo
100%
1,490,000 NZ 174.7628 Auckland
98%
5,050,000 Australia 144.9631 Melbourne
98%
34,100,000 China 121.4581 Shanghai
98%
5,400,000 Australia 151.2053 Sydney
98%
9,150,000 Taiwan 121.5319 Taipei
98%
4,075,000 ROK 129.0300 Busan
97%
3,225,000 Australia 153.0230 Brisbane
95%
10,500,000 Japan 136.9064 Nagoya
95%
2,975,000 DPRK 125.7543 Pyongyang
95%
1,360,000 Australia 138.5995 Adelaide
94%
2,500,000 Japan 141.3588 Sapporo
94%
2,750,000 Japan 130.4081 Fukuoka
82%
1,880,000 Japan 132.4553 Hiroshima
82%
2,775,000 Philippines 123.9000 Cebu
81%
5,150,000 China 126.6333 Harbin
79%
1,600,000 Philippines 125.5948 Davao
71%
1,500,000 Japan 140.8667 Sendai
69%
4,625,000 China 121.6392 Dalian
68%
2,725,000 ROK 128.5911 Daegu
66%
1,210,000 Japan 127.6792 Naha
65%
8,100,000 China 123.4323 Shenyang
65%
1,600,000 ROK 126.9156 Gwangju
48%
1,100,000 ROK 129.3167 Ulsan
48%
1,520,000 ROK 127.3849 Daejeon
47%
2,175,000 Japan 133.9171 Okayama
47%
2,000,000 Japan 130.8728 Kitakyushu
45%
3,750,000 China 125.2000 Changchun
39%
1,310,000 Japan 137.7327 Hamamatsu
39%
3,325,000 China 121.5500 Ningbo
32%
1,150,000 Japan 130.7333 Kumamoto
31%
1,130,000 Japan 138.3854 Shizuoka
31%
1,550,000 China 126.5497 Jilin
27%
1,030,000 ROK 128.6817 Changwon
26%
2,650,000 China 122.9833 Anshan
23%
2,250,000 China 121.3892 Yantai
21%
1,650,000 China 125.0000 Daqing
18%
1,000,000 ROK 127.4833 Cheongju
16%
2,025,000 China 121.2333 Cixi
16%
1,220,000 China 122.1167 Weihai
16%
2,050,000 China 120.9000 Nantong
15%
1,050,000 China 123.9167 Qiqihar
13%
2,350,000 China 121.3500 Taizhou
11%
1,120,000 China 121.1333 Jinzhou
10%
1,030,000 China 122.2333 Yingkou
10%
1,110,000 China 123.7649 Benxi
8%
1,050,000 China 122.0500 Panjin
8%
No matching quizzes found
Score Distribution
Percent of People with Each Score
Percentile by Number Answered
Your Score History
You have not taken this quiz